Statistics for XXXTentacion "SAD!" Lyrics

Click here to take the quiz!

General Stats

  • This quiz has been taken 489 times
  • The average score is 210 of 262

Answer Stats

Answer% Correct
i
98%
I
98%
sad
93%
you
92%
go
91%
to
91%
let
89%
know
87%
ever
86%
I'm
85%
if
83%
me
83%
suicide
83%
who
82%
am
81%
yeah
75%
and
73%
afraid
72%
decide
72%
someone
72%
try
72%
heart
71%
when
71%
my
70%
that's
68%
gonna
67%
she
67%
everything
65%
gave
65%
her
65%
left
63%
took
63%
you're
62%
lost
60%
broken
58%
lonely
58%
fuckin'
57%
in
57%
leave
57%
hate
56%
love
56%
bein'
55%
but
54%
found
54%
rather
50%
then
48%
it's
47%
torture
47%
won't
45%
around
44%
I'd
44%
fix
42%
heart's
41%
weep
39%
contagious
37%
think
33%

Score Distribution

Percentile by Number Answered

Percent of People with Each Score

Your Score History

You have not taken this quiz